| 000 | 00994nam a2200265Ia 4500 | ||
|---|---|---|---|
| 003 | GCL | ||
| 008 | 140319s9999 xx 000 0 ara d | ||
| 020 | _a6149099906 | ||
| 040 |
_aGCL / _cGCL |
||
| 082 | 0 | 4 |
_aد _b050 _bم ع |
| 245 | 1 | 0 | _aمن الحداثة الى العولمة (عالم المعرفة نوفمبر 2004) |
| 260 |
_aالكويت : _bالمجلس الوطنى للثقافة والفنون والاداب ، _c2004 |
||
| 300 |
_a278, 327 ص ؛ _c20 سم |
||
| 490 |
_aعالم المعرفة _v309. 310 |
||
| 650 | 0 | 4 | _aالتنمية الاجتماعية |
| 650 | 0 | 4 | _aالرأسمالية |
| 650 | 0 | 4 | _aالتنمية الاقتصادية |
| 650 | 0 | 4 | _aالتغير الاجتماعى |
| 650 | 0 | 4 | _aالفقر |
| 650 | 0 | 4 | _aالتخلف الاقتصادى |
| 650 | 0 | 4 | _aالحزب الشيوعى |
| 650 | 0 | 4 | _aالولايات المتحدة الامريكية - التنمية الاقتصادية |
| 650 | 0 | 4 | _aالعمل والمجتمع |
| 942 |
_2ddc _cCR |
||
| 999 |
_c7311 _d7311 |
||